| 000 | 00000nas##2200000za#4500 |
| 001 | 9.511115 |
| 003 | CaOODSP |
| 005 | 20210615082615 |
| 007 | ta |
| 008 | 150406c2005||||xxc|| m #||||f| |0fre|d |
| 040 | |aCaOODSP|bfre |
| 041 | |aeng |
| 041 | |afre |
| 043 | |an-cn--- |
| 086 | 1 |aHS23-2 |
| 110 | 1 |aCanada. |bRessources humaines et développement social Canada. |
| 245 | 10|aRenseignements sur les normes du travail : |bPartie III du Code canadien du travail (Normes du travail) |
| 260 | |aOttawa - Ontario : |bRessources humaines et Développement social Canada |
| 310 | |aIrrégulier |
| 520 | 3 |aCes feuillets d’information rédigés en langage simple sont présentés sous forme de questions-réponses pour expliquer aux employeurs et aux employés les dispositions de la Partie III du Code canadien du travail (Normes du travail). |
| 563 | |aDépliant |
| 776 | 0#|tRenseignements sur les normes du travail : |w(CaOODSP)9.501335 |
| 776 | 0#|tInformation on labour standards : |w(CaOODSP)9.504936 |
| 791 | |tInformation on labour standards : |eeng|w(CaOODSP)9.511114 |